02535nam a2200289 a 4500001001000000003000900010005001700019007000300036008004100039040003000080082001300110100003600123245006200159264004200221300004500263336002700308337003300335338002800368500007700396505119100473590002801664942001401692952018701706952017201893952016302065999001702228000043650DO-SdBNP20240108140747.0ta140401s1986 dr a 000 0 spa d aDO-SdBNPbspacBNPHUerda 4222bE77p1 aEspinal, Fulgencio98374eautor10aPor las rutas de la historia patria /cFulgencio Espinal. aSanto Domingo :bAlfa y Omega,c1986. a344 páginas :bIlustraciones ;c21 cm. 2rdacontentatextobtxt 2rdamediaasin mediaciónbn 2rdacarrieravolumenbnc aIncluye datos biográficos del autor en la solapa de la contracubierta. aSistema electoral y elecciones libres en la República Dominicana.tEl Padre Billini y la actual filosofía de la Lotería nacional.-- La Independencia Dominicana y la solidaridad antillana en la búsqueda de la libertad.--Capotillo, fragua de la llama inaplacable de la Restauración.-- La ideología de Duarte y su vigencia en la actual coyuntura que vive la República Dominicana.-- Nosotros y el resto de la historia II (la crisis no es generada, es heredada. Nosotros y el reto de la historia III (paralelismo histórico.--t Nosotros y el reto de la historia IV (nuestra postura actual.-- José Martí, hombre universal.-- Antecedentes y consecuencias del tiranicidio del 30 de Mayo.-- 5 de julio hacia la convergencia perredeísta para detener la desarticulación provocada por la lucha grupal.-- Antecedentes del 24 de abril.--La separación y la permanente defensa de la soberanía en Duarte.-- Gobiernos de Espallat y Jorge Blanco paralelismo histórico.-- tSobre la magia de los juegos y la historia de la Lotería Martí en Montecristi.-- Perfil revolucionario de Virgilio Mainardi Reyna.-- Sabaneta y Santiago Rodríguez pueblo y hombres ejemplares.-- aInventariado, 2024 / MF 2ddccLBS1 00102ddc51708PDaBNPHUbBNPHUcCTd2021-12-16eDonado por Colegio Nuestra Señora de la LourdesoE77pp43650-10r2020-06-25w2020-06-25yLBS1zEjemplar autografiado por el autor 00102ddc51708PDaBNPHUbBNPHUcCTd2014-02-15eDonado por Manuel Ortízl0oE77pp2023-0961r2023-02-15te.2w2023-02-15yLBS1zEjemplar autografiado por el autor 00102ddc56708DSaBNPHUbBNPHUcCTd2024-01-08eDonado por FUNDIl0oE77pp2024-0103r2024-01-08te.3w2024-01-08yLBS1zEjemplar autografiado por el autor c43139d43139